| 000 | 00396cam a2200169ua 4500 | ||
|---|---|---|---|
| 001 | 5165 | ||
| 008 | 120729n ii |||gr||||Z||||||eng | ||
| 040 | _cMAIN | ||
| 082 | _a823 | ||
| 100 |
_aKipling, Rudyard, _eAuthor, |
||
| 245 | 1 | 1 |
_aJungle book _cby Rudyard Kipling |
| 250 | _a1st. | ||
| 260 |
_aDelhi: _bMacmillan, _c1976. |
||
| 300 |
_a159p: _c15cm. |
||
| 653 | _aEnglish fiction | ||
| 942 | _cBK | ||
| 999 |
_c4347 _d4347 |
||